MARC

LEADER 00000nam0a2200000 4500
001 250599
005 20231101232559.0
035 |a (RuTPU)RU\TPU\book\272813 
090 |a 250599 
100 |a 20140214d1958 k y0rusy50 ca 
101 0 |a rus 
102 |a RU 
105 |a a z 001zy 
200 1 |a История органического синтеза в России  |f Ю. С. Мусабеков 
210 |a Москва  |c Изд-во АН СССР  |d 1958 
215 |a 287 с.  |c ил. 
320 |a Библиогр. в конце глав. 
320 |a Именной указатель: с. 279-285. 
606 1 |a Органическая химия  |x История  |2 stltpush  |3 (RuTPU)RU\TPU\subj\75461  |9 87225 
606 1 |a Органический синтез  |x (химия)  |2 stltpush  |3 (RuTPU)RU\TPU\subj\47447  |9 66378 
610 1 |a Россия 
610 1 |a стереохимия 
610 1 |a углеводороды 
610 1 |a исследование 
610 1 |a кислородсодержащие органические вещества 
610 1 |a открытие 
610 1 |a изучение 
610 1 |a развитие 
610 1 |a азотсодержащие вещества 
675 |a 547(09)  |v 3 
675 |a 547.057  |v 3 
700 1 |a Мусабеков  |b Ю. С.  |g Юсуф Сулейманович 
712 0 2 |a Академия наук СССР (АН СССР)  |b Институт истории естествознания и техники (ИИЕТ АН СССР)  |c (Москва)  |2 stltpush  |3 (RuTPU)RU\TPU\col\8662 
801 1 |a RU  |b 63413507  |c 20140214 
801 2 |a RU  |b 63413507  |c 20160707  |g RCR 
942 |c BK